Statistics for Top 15 Native American Tribes in Oklahoma by Population

Click here to take the quiz!

General Stats

  • This quiz has been taken 71 times
  • The average score is 8 of 15

Answer Stats

RankIn-State PopulationAnswer% Correct
1189,228Cherokee Nation
95%
613,300United Keetoowah Band of Cherokee Indians
95%
284,670Choctaw Nation of Oklahoma
83%
355,591Muscogee (Creek) Nation
83%
513,533Seminole Nation of Oklahoma
69%
429,000Chickasaw Nation
66%
116,747Osage Nation
53%
88,664Cheyenne and Arapaho Tribes
52%
98,000Kiowa Tribe of Oklahoma
40%
123,360Delaware Tribe of Oklahoma
33%
142,557Ponca Tribe of Indians of Oklahoma
33%
152,315Sac and Fox Nation
31%
710,312Citizen Potawatomi Nation
24%
133,000Caddo Nation of Oklahoma
21%
107,775Miami Tribe of Oklahoma
21%

Score Distribution

Percentile by Number Answered

Percent of People with Each Score

Your Score History

You have not taken this quiz